[Event "Stay Safe Play From Home 142"]
[Site "T#645977Emanuel Laske"]
[Date "2020.05.12"]
[Round "9"]
[White "Mepe_Nika"]
[Black "Little champs"]
[Result "0-1"]
[WhiteElo "2338"]
[BlackElo "2147"]
[Annotator "TA"]
[PlyCount "104"]
[EventDate "2020.05.12"]
[EventType "swiss (blitz)"]

{[%evp 9,104,86,87,65,70,66,61,39,45,0,2,-31,-14,-56,-74,-80,-79,-81,-72,-110,-91,-78,-63,-112,-14,-36,0,-41,0,0,565,54,613,604,572,558,29973,29974,29974,29975,29975,29976,29976,29977,29977,29978,29972,29967,5896,1954,1861,1854,1803,1742,1583,1572,1542,1084,1347,1282,4778,1513,6187,5218,29988,5360,29979,29961,29972,29972,29985,29969,29979,29979,29986,29977,29982,29983,29975,29965,6628,5285,29988,29971,29987,29988,29988,29989,29993,29990,29990,29991,29991,29981,29981,29979,29984]} 1. c4 c6 2. d4 d5 3. Nf3 dxc4 4. e3 g6 5. Bxc4 Bg7 6. Nc3 {D11: Slav Defence: 3 Nf3 sidelines and 3...Nf6 4 e3 Bg4.} Nf6 7. e4 O-O 8. e5 {White is slightly better.} (8. O-O {looks sharper.} b5 9. Bd3 e5 10. dxe5 Ng4 11. Bg5) 8... Nd5 {[#]} 9. Nxd5 $146 (9. O-O {with more complications.} Na6 10. h3 Nac7 11. Re1 Bf5 12. a3) ({Predecessor:} 9. Bxd5 cxd5 10. Qb3 e6 11. O-O Nc6 12. Be3 f6 13. exf6 Bxf6 14. Bh6 Re8 15. Rad1 {1-0 (24) Lovric,P (2010)-Zagorscak,D (1647) Osijek 2014}) 9... cxd5 10. Bd3 Nc6 11. h4 Bg4 {...Nxd4! is the strong threat.} 12. Be2 Qb6 {Hoping for ...Bxf3.} 13. Be3 Qxb2 14. Rb1 Qc3+ 15. Kf1 f6 {[%cal Rf6e5]} 16. Rxb7 fxe5 (16... Rab8 $17 17. Rc7 Rfc8 18. Rxc8+ Bxc8) 17. dxe5 $11 e6 ({Don't play} 17... Nxe5 $6 18. Bd4 $14 (18. Qxd5+ Kh8 $15) (18. Rxe7 Nc6 $11)) 18. h5 Bxf3 19. Bxf3 {Strongly threatening hxg6.} Nxe5 $2 {[%mdl 8192] [#]} (19... Qxe5 $11 20. hxg6 hxg6) 20. hxg6 $2 ({White has to play} 20. Bd4 $1 $18 {[%cal Rd4c3]} Qc4+ 21. Be2 Rxf2+ 22. Bxf2) 20... hxg6 $2 {[%mdl 8192] Loses the game.} (20... Nc4 $14) 21. Bd4 $18 Qc4+ 22. Be2 {Threatening mate with Rxg7+!} Qc6 {[#]} 23. Rxg7+ $1 {[%mdl 512]} Kxg7 24. Bxe5+ Kf7 25. Rh7+ Ke8 26. Qb1 a6 27. Qxg6+ Kd8 28. Qg5+ Kc8 {[#]} 29. Rc7+ (29. Qh6 $142 $1 Re8 30. Qf4) 29... Qxc7 30. Bxc7 Kxc7 31. Qe7+ Kc6 32. Qxe6+ Kc5 33. Bf3 Rad8 34. Qxa6 d4 35. Qd3 Rfe8 36. g4 Re7 37. Kg2 (37. Qa3+ $142 Kc4 38. Qxe7 Rh8 39. Qe6+ Kb4 40. Qb6+ Kc4 41. Qb3+ Kc5 42. Qd5+ Kb6 43. Qxd4+ {[%mdl 64] Double Attack} Kc7 44. Qxh8) 37... Rde8 38. Kg3 Re5 39. a4 Rd8 40. a5 Kb4 41. a6 Ra5 42. Bb7 Rd6 43. Qd2+ Kb5 44. f4 Ra3+ 45. Kh4 {Intending Qb2+ and mate.} d3 46. Kg5 {White mates.} Rb6 47. Qb2+ {[%mdl 64] Double Attack} Kc4 48. Qxa3 Rb3 {[#]} 49. Qxb3+ $1 {[%mdl 64] Promotion} Kxb3 50. a7 d2 51. a8=Q d1=Q 52. Qe8 Kb4 {[%mdl 32768] Accuracy: White = 64%, Black = 57%. . Sensor Board Error (Ke4/e5)?} 0-1

[Event "Stay Safe Play From Home 142"]
[Site "T#645977Emanuel Laske"]
[Date "2020.05.12"]
[Round "9"]
[White "rohit2007"]
[Black "matanant"]
[Result "1-0"]
[WhiteElo "2248"]
[BlackElo "1540"]
[Annotator "RC"]
[PlyCount "55"]
[EventDate "2020.05.12"]
[EventType "swiss (blitz)"]

1. e4 {[%emt 0:00:01]} e5 {[%emt 0:00:02]} 2. Nf3 {[%emt 0:00:01]} d5 {[%emt 0:00:01]} 3. d3 {[%emt 0:00:02]} dxe4 {[%emt 0:00:01]} 4. dxe4 {[%emt 0:00:03]} Qxd1+ {[%emt 0:00:02]} 5. Kxd1 {[%emt 0:00:00]} f6 {[%emt 0:00:01]} 6. Bc4 {[%emt 0:00:01]} Bg4 {[%emt 0:00:01]} 7. Ke2 {[%emt 0:00:02]} Bc5 {[%emt 0:00:03]} 8. h3 {[%emt 0:00:02]} Bh5 {[%emt 0:00:02]} 9. g4 {[%emt 0:00:01]} Bg6 {[%emt 0:00:02]} 10. Nc3 {[%emt 0:00:00]} c6 {[%emt 0:00:01]} 11. Be3 {[%emt 0:00:01]} Nd7 {[%emt 0:00:04]} 12. Nh4 {[%emt 0:00:01]} Bf7 {[%emt 0:00:04]} 13. Bxf7+ {[%emt 0:00:01]} Kxf7 {[%emt 0:00:01]} 14. Bxc5 {[%emt 0:00:01]} Nxc5 {[%emt 0:00:02]} 15. Rad1 {[%emt 0:00:00]} Ne7 {[%emt 0:00:04]} 16. b4 {[%emt 0:00:01]} Ne6 {[%emt 0:00:03]} 17. Rd7 {[%emt 0:00:00]} Rab8 {[%emt 0:00:03]} 18. Nf5 {[%emt 0:00:02]} Rhe8 {[%emt 0:00:04]} 19. Nd6+ {[%emt 0:00:01]} Kf8 {[%emt 0:00:02]} 20. Nxe8 {[%emt 0:00:01]} Kxe8 {[%emt 0:00:01]} 21. Rd2 {[%emt 0:00:02]} Nd4+ {[%emt 0:00:02]} 22. Ke3 {[%emt 0:00:01]} Ng6 {[%emt 0:00:05]} 23. Ne2 {[%emt 0:00:01]} Nxe2 {[%emt 0:00:02]} 24. Kxe2 {[%emt 0:00:01]} Nf4+ {[%emt 0:00:00]} 25. Ke3 {[%emt 0:00:00]} Ke7 {[%emt 0:00:01]} 26. Rhd1 {[%emt 0:00:01]} Kf7 {[%emt 0:00:05]} 27. Rd7+ {[%emt 0:00:01]} Kg6 {[%emt 0:00:00]} 28. Re7 {[%emt 0:00:02] Time (Lag: Av=0.65s, max=1.0s)} 1-0

[Event "Stay Safe Play From Home 142"]
[Site "T#645977Emanuel Laske"]
[Date "2020.05.12"]
[Round "9"]
[White "SoulofWolf"]
[Black "Tobo Rubirosa"]
[Result "1-0"]
[WhiteElo "2111"]
[BlackElo "1399"]
[Annotator "TA"]
[PlyCount "67"]
[EventDate "2020.05.12"]
[EventType "swiss (blitz)"]

{[%evp 9,67,-135,-72,-52,-49,-78,-28,-71,21,-53,0,0,54,-100,-91,-410,-141,-145,-143,-113,-79,-93,-22,-108,-65,-165,-95,-87,-95,-95,-90,-112,-113,-114,-46,-46,-46,-46,-46,-46,-46,-51,-17,-46,-24,-32,-14,-40,-46,-59,-14,-14,-20,-27,-26,-29,-24,-32,345,-381]} 1. c4 Nf6 2. Nc3 g6 3. e4 d6 4. e5 dxe5 5. Nf3 Bg7 (5... Nc6 $142 {And now ...e4 would win.} 6. d3 Bf5) 6. Nxe5 $17 {[#] A16: English Opening: 1...Nf6 with ...d5.} O-O $146 ({Predecessor:} 6... Ne4 7. Qa4+ Nc6 8. Nxc6 bxc6 9. Qxc6+ Bd7 10. Qxe4 {1-0 (10) Ribas,A (2180)-Robert,A (2230) St Cebria 1997}) 7. d4 Nbd7 (7... c5 $5 {[%cal Rc5d4]} 8. d5 (8. dxc5 Qxd1+ 9. Nxd1 Na6 $15) 8... Nxd5 9. Nxf7 Rxf7 10. cxd5 Bd4 $11) 8. Nd3 {Black has an edge.} c5 (8... Ne8 $17) 9. d5 (9. dxc5 $11 Qa5 10. b4) 9... Nb6 (9... Ne8 $15) 10. Nxc5 $11 e6 (10... Qc7 $11 11. Be3 Ng4) 11. Bg5 $2 {[#]} (11. d6 $14 {stays ahead.}) 11... exd5 $17 12. Nxd5 $2 {[%mdl 8192]} (12. cxd5 $17 {is a better chance.} Nbxd5 13. Nxd5 Re8+ 14. Be2 Qxd5 15. Qxd5 Nxd5 16. Rd1) 12... Qe8+ $2 (12... Nbxd5 $19 13. cxd5 Qa5+ {[%mdl 64] Double Attack} 14. Qd2 Qxc5 15. Bxf6 Bxf6) 13. Be2 Nfxd5 14. cxd5 Bg4 15. f3 Qe5 (15... Bf5 $17 16. g4 Rc8 17. Nxb7 Bxb2 18. gxf5 Bxa1) 16. Ne4 (16. Qd2 $11 Bf5 17. g4) 16... Bf5 17. Bd2 (17. Qd2 $1 $15) 17... Bxe4 ({Black should play} 17... Qxd5 $19 18. Bc3 Bxc3+ 19. Nxc3 Qc5) 18. fxe4 Qxe4 19. O-O Qxd5 {Threatens to win with ...Rfd8.} 20. Bf3 Qd4+ 21. Kh1 Rad8 (21... Qxb2 $17 22. Rc1 Qxa2 23. Bxb7 Rad8) 22. Bg5 $15 Qxd1 23. Raxd1 Rxd1 24. Rxd1 Bxb2 25. Bxb7 Bg7 26. h4 Re8 27. h5 Bc3 28. hxg6 hxg6 29. Bf4 Re1+ (29... Be5 {seems wilder.} 30. Be3 Bf6 31. Bxb6 axb6 32. Kg1 Be5) 30. Rxe1 Bxe1 31. Bb8 a5 32. Bc7 Nc4 33. Ba6 Ne5 $2 {[%mdl 8192] [#]} (33... Ne3 $15 {keeps the upper hand.}) 34. Bxa5 $4 {[%mdl 40960] Accuracy: White = 38%, Black = 38%. . Loss on time!?} (34. Bxe5 $18 {was the only winning move.} f5 35. Bc4+ Kh7 36. g3) 1-0

[Event "Stay Safe Play From Home 142"]
[Site "T#645977Emanuel Laske"]
[Date "2020.05.12"]
[Round "9"]
[White "Lazieri3"]
[Black "Nagaram"]
[Result "1-0"]
[WhiteElo "2094"]
[BlackElo "1510"]
[Annotator "TA"]
[PlyCount "39"]
[EventDate "2020.05.12"]
[EventType "swiss (blitz)"]

{[%evp 9,39,53,54,48,77,60,90,60,89,96,135,85,141,115,138,135,473,485,466,461,521,516,597,549,775,771,854,847,832,826,902,890]} 1. e4 e6 2. Nc3 d5 3. Nf3 dxe4 4. Nxe4 Bd6 {[#]} 5. Nxd6+ $146 ({Predecessor:} 5. d4 b6 6. Bd3 Bb7 7. O-O Nf6 8. Nxd6+ cxd6 9. Bg5 Nc6 10. Re1 O-O 11. c3 Rc8 12. Qd2 Na5 13. Qf4 Nc4 14. Qh4 h6 15. Bxh6 gxh6 16. Qxh6 Bxf3 17. gxf3 Nd2 18. Kh1 {1-0 (18) Kutzner,W (1880)-Reitz,T (1390) Heimbach Weis 2014}) 5... Qxd6 6. d4 {C00: French: Unusual White 2nd moves.} Nc6 7. c3 Nf6 8. Bc4 {White is better.} Bd7 9. O-O O-O-O 10. h3 h5 (10... e5 $142) 11. Qe2 Rde8 12. Ne5 g5 $2 {[%mdl 8192]} (12... Qf8 $16 {is more resistant.} 13. Rd1 Kb8) 13. Nxf7 $18 {White is clearly winning.} Qe7 14. Nxh8 {[#] Strongly threatening Ng6.} Rxh8 15. Bxg5 Rf8 16. Rfe1 Qf7 17. Bxe6 Bxe6 18. Qxe6+ Qxe6 19. Rxe6 Nd7 20. Rae1 {Black did not feel at home in the position after the opening. Accuracy: White = 68%, Black = 13%.} 1-0

[Event "Stay Safe Play From Home 142"]
[Site "T#645977Emanuel Laske"]
[Date "2020.05.12"]
[Round "9"]
[White "Weltszmerc"]
[Black "CastlingArrocco"]
[Result "1-0"]
[WhiteElo "2082"]
[BlackElo "2016"]
[Annotator "TA"]
[PlyCount "159"]
[EventDate "2020.05.12"]
[EventType "swiss (blitz)"]

{[%evp 15,158,23,33,5,0,-18,-8,-15,-8,-55,-4,-16,36,28,92,-33,0,0,0,0,0,-31,0,-12,-8,-9,-8,0,30,17,19,0,0,0,-4,-3,10,0,256,253,243,176,205,147,198,177,186,157,177,147,161,148,309,169,379,378,365,378,370,354,366,358,348,307,841,837,772,718,1499,1450,1266,1149,5816,6490,5816,3589,2724,2154,29969,29970,29969,29966,6609,5106,29978,29978,29978,29979,29979,29980,29980,29978,29976,29974,29980,29981,29981,29982,29982,29983,29985,29986,29986,29987,29988,29989,29989,29990,29990,29991,29991,29992,29998,29990,29990,29987,29990,29988,29989,29989,29990,29990,29991,29992,29993,29994,29995,29996,29998,29996,29996,29994,29994,29995,29995,29996,29996,29996,29996,29996,29997,29998,29998,29999,29999]} 1. d4 d5 2. c4 c6 3. Nf3 e6 4. g3 f5 5. Bg2 Nf6 6. O-O Bd6 7. b3 Qe7 8. Bb2 O-O 9. c5 {Recently 9.Qc1 got a lot of attention. A90: Dutch Defence: Miscellaneous and Modern Stonewall (with ...Bd6).} Bc7 10. b4 Nbd7 11. Nc3 {The position is equal.} Ne4 {[#]} 12. Qd3 $146 ({Predecessor:} 12. Nxe4 fxe4 13. Nd2 e5 14. e3 exd4 15. Bxd4 Ne5 16. Qb3 Nf3+ 17. Nxf3 exf3 18. Bh1 {0-1 (26) Viliusis,N (1097)-Pluta,P (1746) Kaunas 2017}) 12... e5 ({Black should play} 12... b6 $15) 13. dxe5 $11 Nxe5 ({Black should try} 13... Re8 $11) 14. Nxe5 Bxe5 {[#]} (14... Qxe5 $11 15. f3 Nf6) 15. Rab1 (15. Nxd5 $1 $16 {[%mdl 512]} Qe8 (15... cxd5 16. Qxd5+) 16. Nf4) 15... Nxc3 16. Bxc3 Bxc3 17. Qxc3 f4 18. Rfe1 Qf7 19. Qd4 Bf5 20. Rb3 fxg3 21. hxg3 Be4 22. Bxe4 dxe4 23. Kg2 Rae8 24. Qe3 h5 25. Rh1 Qg6 26. Rh4 (26. Rbb1 {is interesting.} Re5 27. Qb3+ Rf7 28. Rh4 a5 29. Rf4) 26... Qh6 $2 {[%mdl 8192] [#]} (26... Re5 $11 {and Black has nothing to worry.}) 27. Qxh6 $18 ({Don't play} 27. Rxe4 $6 Qg6 $16) 27... gxh6 28. Rxh5 {[%mdl 4096] Endgame KRR-KRR} Rf6 29. Re3 Rfe6 (29... Ref8 $16 30. f3 (30. Rxe4 Rxf2+ 31. Kh3 Kg7 $16) 30... exf3+ 31. exf3 Rd8) 30. Rh4 Kg7 31. Kg1 R8e7 32. Rf4 Kg6 33. a3 Rd7 $2 {This move loses the game for Black.} (33... Re5 $16 34. Kf1 h5) 34. Kg2 ({Don't do} 34. Rfxe4 Rxe4 35. Rxe4 Kf6 $18) (34. Rexe4 $142 Rd1+ 35. Kg2 Rxe4 36. Rxe4) 34... Rd2 $2 (34... Rd4 35. Rg4+ Kh7) 35. Rfxe4 Rxe4 36. Rxe4 {KR-KR} Ra2 37. Re3 Kf5 38. f3 h5 39. Kf2 b6 $2 (39... a5 40. bxa5 Rc2) 40. cxb6 axb6 41. Rc3 c5 42. bxc5 bxc5 43. Rxc5+ Ke6 44. Rxh5 Rxa3 45. Rh4 Ra1 46. Re4+ Kf5 47. g4+ Kg5 48. Re5+ Kf6 49. Rf5+ Kg6 50. e3 {White mates.} Rh1 51. Kg3 Rg1+ 52. Kf4 Ra1 53. Rd5 Ra4+ 54. e4 Ra3 55. g5 Ra2 56. Rd6+ Kg7 57. Kf5 Rh2 58. e5 Rf2 59. f4 Rb2 60. Rd7+ Kf8 61. Kf6 {[%cal Rd7d8]} Ke8 62. e6 Rb6 63. f5 Rd6 64. Rh7 {[%cal Rh7h8]} Kd8 65. Rh8+ Kc7 66. Ke7 Kc6 67. f6 Rd5 68. Rc8+ Kb6 69. f7 Re5 70. f8=Q Kb7 71. Qd8 Rxg5 72. Qd7+ Kb6 73. Rc6+ Kb5 74. Qb7+ Ka4 75. Ra6+ Ra5 76. Rxa5+ Kxa5 77. Kd7 Ka4 78. e7 Ka3 79. e8=Q {[%cal Re8a8]} Ka2 80. Qea8# {Accuracy: White = 73%, Black = 54%.} 1-0

[Event "Stay Safe Play From Home 142"]
[Site "T#645977Emanuel Laske"]
[Date "2020.05.12"]
[Round "9"]
[White "Trotsky"]
[Black "Onlyforchess"]
[Result "0-1"]
[WhiteElo "1589"]
[BlackElo "2558"]
[Annotator "TA"]
[PlyCount "46"]
[EventDate "2020.05.12"]
[EventType "swiss (blitz)"]

{[%evp 11,46,-10,7,7,42,-23,17,-52,-52,-52,90,-74,-79,-75,-68,-72,-50,-38,43,-141,-153,-146,-149,-152,-134,-213,-164,-345,-328,-374,-378,-1175,-696,-29994,-29995,-29995,-29996]} 1. d4 c5 2. e3 cxd4 3. exd4 d5 4. c4 Nf6 5. Be3 Nc6 6. Nc3 Bf5 7. c5 {B13: Caro-Kann: Exchange Variation and Panov-Botvinnik Attack.} Ne4 {[#]} 8. a3 $146 (8. Nf3 $14) ({Predecessor:} 8. Bb5 Nxc3 9. Bxc6+ bxc6 10. bxc3 Qa5 11. Ne2 Rb8 12. Bc1 e6 13. O-O Be7 14. a4 Qc7 {1-0 (37) Illig,U-Solger,G Vorra 1990}) 8... e6 9. Bd3 (9. Nxe4 $11 Bxe4 10. f3) 9... Nxc3 $15 10. bxc3 Qa5 {[#]} (10... Bxd3 $15 11. Qxd3 Qa5) 11. Qc2 $2 (11. Bxf5 $1 $16 {is necessary to keep the advantage. Black must now prevent Bd3.} exf5 12. Ne2) 11... Bxd3 $17 12. Qxd3 Be7 13. Nf3 O-O 14. h4 f5 (14... h6 $15) 15. g4 $2 {[#]} (15. Bf4 $14 {stays ahead.}) 15... fxg4 16. Ng5 Bxg5 $1 17. hxg5 g6 18. Rh6 (18. Rh4 $17 {is a better defense.}) 18... Rf5 19. Ke2 $2 (19. Rb1 {was worth a try.} Rb8 20. Ke2) 19... Raf8 $19 20. Rah1 R8f7 21. Bd2 $2 (21. R6h4) 21... Qxa3 22. c4 Rxf2+ 23. Kd1 Qxd3 {Accuracy: White = 18%, Black = 47%.} 0-1